История Архангельского Севера с 1914 г. до наших дней (Запись № 11987736)

Подробности
000 -МАРКЕР
контрольное поле 02302nam1a2200349 i 4500
001 - ИДЕНТИФИКАТОР ЗАПИСИ
контрольное поле RU\NLR\BIBL_A\012453689
005 - ИДЕНТИФИКАТОР ВЕРСИИ
контрольное поле 20260408083519.0
010 ## - МЕЖДУНАРОДНЫЙ СТАНДАРТНЫЙ НОМЕР КНИГИ (ISBN)
Номер (ISBN) 9785851511738
Тираж 5750
035 ## - ДРУГИЕ СИСТЕМНЫЕ НОМЕРА
Идентификатор записи (NLR Aleph) 012453689
100 ## - ДАННЫЕ ОБЩЕЙ ОБРАБОТКИ
Данные общей обработки 20210215d2020 e y0rusy50 ca
101 0# - ЯЗЫК РЕСУРСА
Язык текста, звукозаписи и т.д. русский
102 ## - СТРАНА ПУБЛИКАЦИИ ИЛИ ПРОИЗВОДСТВА
Страна публикации Российская Федерация
105 ## - ПОЛЕ КОДИРОВАННЫХ ДАННЫХ: ТЕКСТОВЫЕ МАТЕРИАЛЫ, МОНОГРАФИЧЕСКИЕ
Кодированные данные о монографическом текстовом документе ||||j||||||||
181 #0 - ПОЛЕ КОДИРОВАННЫХ ДАННЫХ: ВИД СОДЕРЖАНИЯ
Код вида содержания (ISBD) i
Код характеристики содержания (ISBD) axxe
182 #0 - ПОЛЕ КОДИРОВАННЫХ ДАННЫХ: ТИП СРЕДСТВА
Код типа средства (ISBD) n - непосредственное
200 1# - ЗАГЛАВИЕ И СВЕДЕНИЯ ОБ ОТВЕТСТВЕННОСТИ
Основное заглавие История Архангельского Севера с 1914 г. до наших дней
Сведения, относящиеся к заглавию учебное пособие для учащихся 10-11-х классов общеобразовательных организаций
-- базовый и углублённый уровни
-- соответствует региональному историко-культурному стандарту Архангельской области
-- в двух книгах
Первые сведения об ответственности Министерство образования и науки Архангельской области, ФГАОУ ВО "Северный (Арктический) федеральный университет имени М.В. Ломоносова" [и др.
Последующие сведения об ответственности канд. ист. наук Р.Ю. Болдырев и др.
-- научно-редакционный совет: В.П. Базаркина и др.]
203 ## - ВИД СОДЕРЖАНИЯ И ТИП СРЕДСТВА
Вид содержания Текст
Дополнительные сведения об издании визуальный
Тип средства непосредственный
210 ## - ПУБЛИКАЦИЯ, РАСПРОСТРАНЕНИЕ И ДР.
Место издания, распространения и т.д. Архангельск
Имя издателя, распространителя и т. д. АО ИОО
Дата издания, распространения и т.д. 2020
215 ## - ФИЗИЧЕСКАЯ ХАРАКТЕРИСТИКА
Размеры 22
300 ## - ОБЩИЕ ПРИМЕЧАНИЯ
Текст примечания На обл. подзаг.: 10-11
607 ## - ГЕОГРАФИЧЕСКОЕ НАИМЕНОВАНИЕ КАК ПРЕДМЕТ
Географическое наименование Архангельская область
Формальный подзаголовок Учебные издания для средней школы
Тематический подзаголовок История
Хронологический подзаголовок 1914 - нач. 21 вв.
Системный номер авторитетной/нормативной записи 2468155
Идентификатор авторитетной/нормативной записи RU\NLR\AUTH\6601683220
686 1# - ИНДЕКСЫ ДРУГИХ КЛАССИФИКАЦИЙ
Индекс Т3(2Р-4Арх)524я72
686 1# - ИНДЕКСЫ ДРУГИХ КЛАССИФИКАЦИЙ
Индекс Т3(2Р-4Арх)7я72
702 #1 - ИМЯ ЛИЦА - ВТОРИЧНАЯ ОТВЕТСТВЕННОСТЬ
Начальный элемент ввода Болдырев
Часть имени, кроме начального элемента ввода Р. Ю.
Даты 1977-
Расширение инициалов личного имени Роман Юрьевич
Код отношения Составитель
702 #1 - ИМЯ ЛИЦА - ВТОРИЧНАЯ ОТВЕТСТВЕННОСТЬ
Начальный элемент ввода Базаркина
Часть имени, кроме начального элемента ввода В. П.
Расширение инициалов личного имени Валентина Павловна
Код отношения Редактор
712 02 - НАИМЕНОВАНИЕ ОРГАНИЗАЦИИ - ВТОРИЧНАЯ ОТВЕТСТВЕННОСТЬ
Код отношения Прочие
Начальный элемент ввода Северный (Арктический) федеральный университет им. М. В. Ломоносова
Идентифицирующий признак Архангельск
Идентификатор авторитетной/нормативной записи RU\NLR\AUTH\8810168102
Системный номер авторитетной/нормативной записи 832037
852 ## - МЕСТОНАХОЖДЕНИЕ И ШИФР ХРАНЕНИЯ
Идентификатор организации NLR
Шифр хранения (Call Number) 2021-5/973
942 ## - ДОПОЛНИТЕЛЬНЫЕ ЭЛЕМЕНТЫ ЗАПИСИ (АБИС)
Тип экземпляра АБИС Книга

Нет доступных экземпляров.